000
00329nam a2200121Ia 4500
008
180117s9999 xx 000 0 und d
100
_a
by Robert Requintina
245
4
_a
And Miss Universe Goes to
260
_c
2017
300
_a
22-24 pages, 2017 January 29
440
_a
Philippine Panorama
650
_a
MISS UNIVERSE GOES TO
999
_c
353456
_d
353456